000 00702nam a2200193 i 4500
001 24831
003 ES-MaACL
005 20240416133103.0
007 t|
008 021219m19571968sp ||||1| spa d
245 0 0 _aAntología de la poesía hispanoamericana /
_cGinés de Albareda, Francisco Garfias.
260 _aMadrid :
_bBiblioteca Nueva,
_c1957-68 (
_fClemares)
300 _a6 v. ;
_c24 cm.
505 8 _aContiene: V. II: Colombia. -- V: III: Venezuela. -- V. IV: Argentina. -- V. V: Chile. -- V. VI: Perú. -- V. VII: Uruguay
700 1 _aAlbareda, Ginés de.
_919235
700 1 _aGarfias, Francisco,
_d1921-2010
_955528
852 _aES-MaACL
_jP-738
_bR.40799
999 _c24831
_d24831